Normal view
MARC view
- Philosophy of nature.
Entry Topical Term
001 - CONTROL NUMBER
- control field: 12777
003 - CONTROL NUMBER IDENTIFIER
- control field: NUST
005 - DATE AND TIME OF LATEST TRANSACTION
- control field: 20181222072421.0
008 - FIXED-LENGTH DATA ELEMENTS
- fixed length control field: 181222|| aca||aabn | a|a d
040 ## - CATALOGING SOURCE
- Original cataloging agency: NUST
- Transcribing agency: NUST
150 ## - HEADING--TOPICAL TERM
- Topical term or geographic name entry element: Philosophy of nature.
670 ## - SOURCE DATA FOUND
- Source citation: Work cat.: (NUST)0: Nasr, Seyyed Hossein. 181, Man and nature :, 1968.
